| Tag |
First Indicator |
Second Indicator |
Subfields |
| LEADER |
00000cam a22000001a 4500 |
| 001 |
in00003356113 |
| 006 |
m d f |
| 007 |
cr bn mmmapmmp |
| 008 |
100717s1997 dcu o f000 0 eng d |
| 005 |
20260430195845.2 |
| 035 |
|
|
|a cis2007891573
|
| 040 |
|
|
|a ProQuest
|c ProQuest
|d UtOrBLW
|
| 043 |
|
|
|a n-us---
|
| 099 |
|
|
|a CRS-1997-FND-0024
|
| 110 |
2 |
|
|a Library of Congress.
|b Congressional Research Service.
|
| 245 |
1 |
0 |
|a Taiwan :
|b U.S. Policy Choices.
|
| 264 |
|
1 |
|a [Place of publication not identified] :
|b [publisher not identified],
|c 1997.
|
| 300 |
|
|
|a 1 online resource.
|
| 336 |
|
|
|a text
|b txt
|2 rdacontent
|
| 337 |
|
|
|a computer
|b c
|2 rdamedia
|
| 338 |
|
|
|a online resource
|b cr
|2 rdacarrier
|
| 500 |
|
|
|a Record is based on bibliographic data in ProQuest U.S. Congressional Research Digital Collection (last viewed July 2010). Reuse except for individual research requires license from ProQuest, LLC.
|
| 500 |
|
|
|a CRS Report.
|
| 520 |
|
|
|a Assesses U.S. interests in Taiwan, recent developments in Taiwan's relations with the People's Republic of China, and their implications for the U.S. and reviews conflicting U.S. policy choices. Includes chronology, 7/15/87 to 2/23/97.
|
| 500 |
|
|
|a Electronic resource.
|
| 650 |
|
0 |
|a Chronology.
|
| 650 |
|
0 |
|a International economic relations.
|
| 651 |
|
0 |
|a China.
|
| 655 |
|
7 |
|a Electronic books.
|2 local
|
| 710 |
2 |
|
|a ProQuest (Firm)
|
| 776 |
0 |
8 |
|i Microfiche version:
|a Library of Congress. Congressional Research Service.
|t Taiwan: U.S. Policy Choices
|
| 830 |
|
0 |
|a U.S. Congressional Research.
|
| 856 |
4 |
0 |
|u http://proxy.library.tamu.edu/login?url=https://congressional.proquest.com/congcomp/getdoc?CRDC-ID=CRS-1997-FND-0024
|z Connect to the full text of this electronic book
|t 0
|
| 999 |
|
|
|a MARS
|
| 999 |
f |
f |
|s 9d6173a4-6a50-3272-aecb-c64de2e64a01
|i a0004ff8-4893-32b0-8d7c-50281f129291
|t 0
|
| 952 |
f |
f |
|a Texas A&M University
|b College Station
|c Electronic Resources
|s www_evans
|d Available Online
|t 0
|e CRS-1997-FND-0024
|h Other scheme
|
| 998 |
f |
f |
|a CRS-1997-FND-0024
|t 0
|l Available Online
|